| 000 | 00000nam 2200000zi 4500 |
| 001 | 9.937042 |
| 003 | CaOODSP |
| 005 | 20240418130649 |
| 006 | m o d f |
| 007 | cr |n||||||||| |
| 008 | 240418e202312##onc ob f|0| 0 eng d |
| 040 | |aCaOODSP|beng|erda|cCaOODSP |
| 043 | |an-cn--- |
| 086 | 1 |aRv55-8/11-6-6-2023E-PDF |
| 245 | 00|aReason to believe and corrections to the declaration of origin, tariff classification or value for duty. |
| 264 | 1|aOttawa : |b[Canada Border Services Agency], |cDecember 2023. |
| 300 | |a1 online resource (8 unnumbered pages). |
| 336 | |atext|btxt|2rdacontent |
| 337 | |acomputer|bc|2rdamedia |
| 338 | |aonline resource|bcr|2rdacarrier |
| 490 | 1 |aMemorandum, |x2369-2391 ; |vD11-6-6 |
| 500 | |aIssued also in French under title: Motifs de croire et corrections à la déclaration de l’origine, du classement tarifaire ou de la valeur en douane. |
| 500 | |a"Superseded memoranda D, D11-6-6, April 12, 2013." |
| 504 | |aIncludes bibliographical references (page [7]. |
| 650 | 0|aTariff|xGovernment policy|zCanada. |
| 650 | 0|aTariff |vTerminology and classification. |
| 710 | 2 |aCanada Border Services Agency, |eissuing body. |
| 775 | 08|tMotifs de croire et corrections à la déclaration de l’origine, du classement tarifaire ou de la valeur en douane.|w(CaOODSP)9.937043 |
| 830 | #0|aMemorandum (Canada Border Services Agency)|vD11-6-6.|w(CaOODSP)9.816825 |
| 856 | 40|qPDF|s342 KB|uhttps://publications.gc.ca/collections/collection_2024/asfc-cbsa/Rv55-8-11-6-6-2023-eng.pdf |
| 856 | 4 |qHTML|sN/A|uhttps://www.cbsa-asfc.gc.ca/publications/dm-md/d11/d11-6-6-eng.html |